Countries side in WW3 yup - Statistics

General Stats
  • This quiz has been taken 27 times
  • The average score is 10 of 15
Answer Stats
Hint Answer % Correct
Axis Russia
100%
Axis China
95%
Alies UK
95%
Alies USA
95%
Axis North Korea
86%
Alies France
81%
Axis Iran
81%
Alies South Korea
67%
Alies India
62%
Alies Italy
62%
Alies Ukraine
62%
Axis Iraq
52%
Alies Norway
14%
Alies Sweden
14%
Axis Belerus
10%
No matching quizzes found
Score Distribution
Percent of People with Each Score
Percentile by Number Answered
Your Score History
You have not taken this quiz